The urban land (ceiling and regulation) act, 1976 (Record no. 128323)

MARC details
000 -LEADER
fixed length control field 00819nam a22002417a 4500
005 - DATE AND TIME OF LATEST TRANSACTION
control field 20170124110038.0
010 ## - LIBRARY OF CONGRESS CONTROL NUMBER
LC control number 859432
020 ## - INTERNATIONAL STANDARD BOOK NUMBER
Terms of availability 55.00
035 ## - SYSTEM CONTROL NUMBER
System control number 859432
037 ## - SOURCE OF ACQUISITION
Source of stock number/acquisition Cen Lib/Ret
040 ## - CATALOGING SOURCE
Original cataloging agency DPL
Language of cataloging EN
082 ## - DEWEY DECIMAL CLASSIFICATION NUMBER
Classification number 333
Item number DIA
100 ## - MAIN ENTRY--PERSONAL NAME
Personal name Dial, Rameshwar
9 (RLIN) 15225
245 ## - TITLE STATEMENT
Title The urban land (ceiling and regulation) act, 1976
Statement of responsibility, etc by Rameshwar Dial, Sharda Aggarwal [and] Adarsh B. Dial
260 ## - PUBLICATION, DISTRIBUTION, ETC. (IMPRINT)
Place of publication, distribution, etc Delhi
Name of publisher, distributor, etc Anand Law House
Date of publication, distribution, etc 1976
270 ## - ADDRESS
City Delhi
Address 2776, Bhatnagar Building, Kashmere Gate
Postal code 110006
300 ## - PHYSICAL DESCRIPTION
Extent xxxii,103p.
Dimensions 24cm(Hb)
650 ## - SUBJECT ADDED ENTRY--TOPICAL TERM
Topical term or geographic name as entry element City planning and redevelopment law -- India
9 (RLIN) 23053
650 ## - SUBJECT ADDED ENTRY--TOPICAL TERM
Topical term or geographic name as entry element Land reform -- Law and legislation -- India
9 (RLIN) 23054
700 ## - ADDED ENTRY--PERSONAL NAME
Personal name Aggarwal, Sharda
9 (RLIN) 23055
700 ## - ADDED ENTRY--PERSONAL NAME
Personal name . Dial, Adarsh B.
9 (RLIN) 3012
942 ## - ADDED ENTRY ELEMENTS (KOHA)
Source of classification or shelving scheme Dewey Decimal Classification
Koha item type English Books
Classification part 333
Call number suffix DIA
Holdings
Withdrawn status Lost status Damaged status Not for loan Home library Current library Date acquired Source of acquisition Cost, normal purchase price Total Checkouts Full call number Barcode Date last seen Copy number Cost, replacement price Price effective from Koha item type
        Central Library Central Library 02/07/2015 Cen Lib/Ret 0.00   333 DIA 859432 02/07/2015 1 0.00 02/07/2015 English Books

© Delhi Public Library
Hit Counter
free hit counter